000 00655nam a2200181Ia 4500
008 151018s9999 xx 000 0 und d
082 _bRBASDV28956
_a891.463
100 _aशशिकला साळगांवकर
245 _aदाजीबा आणि रावजी
250 _b6
260 _bअनमोल प्रकाशन पुणे
_c1998
300 _a32
600 _aशशिकला साळगांवकर
630 _aदाजीबा आणि रावजी
700 _aशशिकला साळगांवकर
730 _aदाजीबा आणि रावजी
942 _cBOOK
999 _c1028525
_d1028522